Znane serie filmów - Statystyki

Ogólne statystyki
  • Ten quiz został rozwiązany 4 732 razy
  • Średni wynik to 13 z 25
Statystyki odpowiedzi
Tytuły Nazwa Serii % Poprawnych
Komnata Tajemnic, Czara Ognia, Książe Półkrwi Harry Potter
94%
Drużyna Pierścienia, Dwie Wieże, Powrót Króla Władca Pierścieni
91%
Nowa Nadzieja, Atak Klonów, Przebudzenie Mocy Gwiezdne Wojny
90%
Klątwa Czarnej Perły, Skrzynia Umarlaka, Na krańcu Świata Piraci z Karaibów
89%
Nowe Porządki, Niebezpieczne Kobiety, Ostatni Pies Pitbull
76%
Księżyc w Nowiu, Zaćmienie, Przed Świtem Saga Zmierzch
76%
Odwilż, Era Dinozaurów, Wędrówka Kontynentów Epoka Lodowcowa
75%
Poszukiwacze Zaginionej Arki, Ostatnia Krucjata, Świątynia Zagłady Indiana Jones
71%
Potop, Ogniem i Mieczem, Pan Wołodyjowski Trylogia Henryka Sienkiewicza
70%
Casino Royale, Żyj i Pozwól Umrzeć, Moonraker James Bond: Agent 007
69%
Pierwsze starcie, Zimowy żołnierz, Wojna bohaterów Kapitan Ameryka
64%
Ósmy pasażer Nostromo, Przebudzenie, Przymierze Obcy
61%
Dzień Sądu, Bunt Maszyn, Ocalenie Terminator
53%
Wesele, Zjazd Absolwentów American Pie
52%
Reaktywacja, Rewolucje Matrix
50%
Powrót, Forever, Początek Batman
49%
Potwory na Gigancie, Strachy i Patałachy, Klątwa potwora z głębin jeziora Scooby Doo
33%
Nowy Początek, Jason żyje, Nowa Krew Piątek Trzynastego
28%
Niebieski, Biały, Czerwony Trzy Kolory
26%
Ghost Protocol, Rogue Nation Mission Impossible
25%
Ucieczka z ..., Powrót na ..., Wojna o ... Planeta Małp
20%
Wakacje w Vegas, Witaj św. Mikołaju, Europejskie Wakacje W Krzywym Zwierciadle
20%
Gniew Khana, Powrót na Ziemię, Pokolenia Star Trek
15%
Agent Specjalnej Troski, Szpieg, który nie umiera nigdy, Złoty Członek Austin Powers
12%
... w Raju, Następne Pokolenie, Zakochane Świry Zemsta Frajerów
8%
Nie znaleziono quizów pasujących do podanych kryteriów
Rozkład punktacji
Procent ludzi z każdym wynikiem
Percentyl według liczby udzielonych odpowiedzi
Twoja historia wyników
Nie rozwiązałeś tego quizu